000 00308nam a2200133Ia 4500
100 _aWasiloff/ Thomas
942 _cBK
654 _aMachine shop
245 _aMachine shop-Parallel clamps
260 _bAmerican Technical Society
_aChicago
_c1976
082 _a670.423
300 _a230
546 _aENGLISH
999 _c21378
_d21378